I singolari amanti /

Gespeichert in:
Bibliographische Detailangaben
1. Verfasser: Régnier, Henri : de (Verfasst von)
Weitere Verfasser: Daquanno, Ernesto
Format: Buch
Sprache:Italienisch
Veröffentlicht: Milano : Facchi, 1920
Schriftenreihe:I libri dell'amore ; 13
Tags: Tag hinzufügen
Keine Tags, Fügen Sie das erste Tag hinzu!

MARC

LEADER 00000nam a22000007i 4500
001 IT\ICCU\CUB\0538851
003 ItRI
005 20260115232404.0
008 980129s1920 it |||||| ||||| |||||c
015 |2 IT  |a 1920 1286 
024 7 0 |a 495394  |2 cubi 
040 |b ita  |c importazione bologna sebina 
041 7 |a ita  |2 ISO-639-2 
100 1 |a Régnier, Henri : de  |0 IT\ICCU\RAVV\049469  |4 aut 
245 1 2 |a I singolari amanti /  |c Henri De Regnier ; traduzione di Ernesto Daquanno. 
260 |a Milano :  |b Facchi,  |c 1920 
300 |a 221 p. ;  |c 19 cm. 
700 1 |a Daquanno, Ernesto  |0 IT\ICCU\RAVV\065131 
830 2 |a I libri dell'amore ;  |v 13  |0 IT\ICCU\RAV\0226776 
942 |2 ddc  |c BK  |n 0 
952 |0 0  |1 0  |4 0  |6 DOC_843_800000000000000_REG  |7 0  |9 25265  |a BO  |b BO  |d 2026-01-15  |i 1905  |l 0  |o DOC 843.8 REG  |p BO1905  |r 2026-01-15 23:24:04  |w 2026-01-15  |x [Sebina 7] [1 v.]  |y BK  |z 1 v. 
999 |c 21467  |d 21467